| 000 | 00975nam a2200361 a 4500 | ||
|---|---|---|---|
| 003 | AR-BaBNM | ||
| 005 | 20251128204822.0 | ||
| 008 | 082120s2002 ||||||||||||||000 | spa|| | ||
| 020 | _a84-7764-123-4 | ||
| 040 | _cAR-BaBNM | ||
| 100 | 1 | _aArtanidi, A. | |
| 245 | 0 | 0 |
_aCurso práctico de expresión corporal _beducación psicomotriz infantil. 2 |
| 260 |
_aBarcelona _bOcéano _c1986 |
||
| 300 |
_a141 p. _bil. |
||
| 500 | _aRevisión de la edición: Gràcia Cruzate de Palau | ||
| 500 | _aGlosario en p. 137-141 | ||
| 650 | 4 | _aINFANCIA | |
| 650 | 4 | _aCUENTOS DE HADAS | |
| 650 | 4 | _aGIMNASIA | |
| 650 | 4 | _aDEPORTE | |
| 650 | 4 | _aACROBACIA | |
| 650 | 4 | _aESPACIO | |
| 650 | 4 | _aCOORDINACION SENSOMOTRIZ | |
| 650 | 4 | _aESTIMULO | |
| 650 | 4 | _aPERCEPCION | |
| 650 | 4 | _aRESPUESTA | |
| 650 | 4 | _aPSICOLOGIA DE LOS PROCESOS SENSORIALES | |
| 653 | _aEXPRESION CORPORAL | ||
| 700 | 1 | _aRapalli, A. | |
| 700 | 1 | _aSantandrea, M.C. | |
| 942 | _cBK | ||
| 998 | _cGLORIA | ||
| 999 |
_c8949 _d8949 |
||